commparison of teak tree growth by applying and not applying polymer (ការប្រៀបធៀបពីការឡូតលាស់ដើមម៉ៃសាក់ដោយប្រើនិងមិនប្រើប៉ូលីម៉ា នៅភូមិភ្នំពក ឃុំជ្រោយស្វាយស្រុកស្រៃអំបិលខេត្តកោះកុង) (Record no. 3437)
[ view plain ]
| 000 -LEADER | |
|---|---|
| fixed length control field | 00760nam a22001577a 4500 |
| 003 - CONTROL NUMBER IDENTIFIER | |
| control field | OSt |
| 005 - DATE AND TIME OF LATEST TRANSACTION | |
| control field | 20151116083154.0 |
| 008 - FIXED-LENGTH DATA ELEMENTS--GENERAL INFORMATION | |
| fixed length control field | 151116b xxu||||| |||| 00| 0 eng d |
| 040 ## - CATALOGING SOURCE | |
| Transcribing agency | RUA |
| 082 ## - DEWEY DECIMAL CLASSIFICATION NUMBER | |
| Classification number | FOR SOR 2008 B136 Or.1 |
| 100 ## - MAIN ENTRY--PERSONAL NAME | |
| 9 (RLIN) | 3689 |
| Personal name | SOR, VICHET. |
| 245 ## - TITLE STATEMENT | |
| Title | commparison of teak tree growth by applying and not applying polymer (ការប្រៀបធៀបពីការឡូតលាស់ដើមម៉ៃសាក់ដោយប្រើនិងមិនប្រើប៉ូលីម៉ា នៅភូមិភ្នំពក ឃុំជ្រោយស្វាយស្រុកស្រៃអំបិលខេត្តកោះកុង) |
| 260 ## - PUBLICATION, DISTRIBUTION, ETC. (IMPRINT) | |
| Place of publication, distribution, etc. | Phnom Penh |
| Name of publisher, distributor, etc. | RUA |
| Date of publication, distribution, etc. | 2008 |
| 300 ## - PHYSICAL DESCRIPTION | |
| Extent | xi, 48p. |
| Other physical details | ill. |
| Dimensions | 29cm. |
| 942 ## - ADDED ENTRY ELEMENTS (KOHA) | |
| Source of classification or shelving scheme | |
| Koha item type | FOR |
| Price effective from | Date last seen | Permanent Location | Not for loan | Date acquired | Source of classification or shelving scheme | Koha item type | Lost status | Withdrawn status | Date last checked out | Total Checkouts | Shelving location | Damaged status | Barcode | Current Location | Full call number |
|---|---|---|---|---|---|---|---|---|---|---|---|---|---|---|---|
| 2015-11-16 | 2015-11-16 | Library Block B | 2015-11-16 | FOR | B136 | RUA028490 | Library Block B | FOR SOR 2008 B136 Or.1 | |||||||
| 2015-11-16 | 2015-11-16 | Library Block B | 2015-11-16 | FOR | B136 | RUA028137 | Library Block B | FOR SOR 2008 B136 Or.2 | |||||||
| 2015-11-16 | 2015-11-16 | Library Block B | 2015-11-16 | FOR | B136 | RUA028130 | Library Block B | FOR SOR 2008 B136 Or.3 | |||||||
| 2015-11-16 | 2015-11-16 | Library Block B | 2015-11-16 | FOR | B136 | RUA028492 | Library Block B | FOR SOR 2008 B136 Or.4 | |||||||
| 2015-11-16 | 2015-11-16 | Library Block B | 2015-11-16 | FOR | B136 | RUA028354 | Library Block B | FOR SOR 2008 B136 Or.5 | |||||||
| 2015-11-16 | 2015-11-16 | Library Block B | 2015-11-16 | FOR | B136 | RUA028426 | Library Block B | FOR SOR 2008 B136 Or.6 | |||||||
| 2015-11-16 | 2015-11-16 | Library Block B | 2015-11-16 | FOR | B136 | RUA028498 | Library Block B | FOR SOR 2008 B136 Or.7 | |||||||
| 2015-11-16 | 2015-11-16 | Library Block B | 2015-11-16 | FOR | B136 | RUA027344 | Library Block B | FOR SOR 2008 B136 Or.8 | |||||||
| 2015-11-16 | 2019-05-21 | Library Block B | 2015-11-16 | FOR | 2019-05-08 | 2 | B136 | RUA027300 | Library Block B | FOR SOR 2008 B136 Or.9 | |||||
| 2015-11-16 | 2015-11-16 | Library Block B | 2015-11-16 | FOR | B136 | RUA027346 | Library Block B | FOR SOR 2008 B136 Or.10 |